000 00567nam a2200229Ia 4500
003 OSt
005 20220924151000.0
006 a|||||r|||| 00| 0
007 ta
008 220923b |||||||| |||| 00| 0 tel d
024 _a335470
037 _cTextual
040 _aARTS
_cARTS
_btel
041 _2tel
_atel
082 _aO35,3NAN,11, M4
100 _aAnandaramam C.
_9203515
245 0 _aKanuvippu
260 _c1984
650 _aTELUGU FICTION
942 _hO35,3NAN,11, M4
_cTEXL
_2CC
999 _c465175
_d465175